00537 2200181 4500001002100000005001500021008004100036020002200077035001900099041000700118082001000125090001600135100002000151245009700171260003100268300002600299650003000325INLIS00000000000655220241224113318241224||||||||| | ||| |||| || |  a978-979-1208-04-8 0010-1224006552 aid0 a155.2 a155.2 ALE l0 aAlexander Avila00aLove Types : Cara Jitu menemukan soulmate dan belahan jiwa berdasarkan sifat dan kepribadian aJakartabDaras Booksc2008 a20,5x14 cm, 388 hlm.; 0aIlmu Filsafat & Psikologi